LEADER 01273nam a2200313 a 4500 001 000000128051 003 CaOOAMICUS 005 20120316102617.0 008 120316s2011 it u000 u ita r 040 $aPUL$bita 041 1 $aita$hfre 082 04$a236 100 1 $aTilliette, Xavier,$cS.I.,$d1921-$0(OLS)http://pul/name/31098 240 10$aMémoire et l'invisible.$lItaliano.$0(OLS)http://pul/title/161813 245 10$aMorte e immortalità /$cXavier Tilliette ; a cura di Giuliano Sansonetti. 260 $aBrescia :$bMorcelliana,$c2011. 300 $a213 p. ;$c19 cm 490 1 $aIl pellicano rosso.$aNuova serie ;$v147 504 $aBibliografia in nota. 650 4$aMorte (teologia).$0(OLS)http://pul/subject/4428 700 1 $aSansonetti, Giuliano.$0(OLS)http://pul/name/30476 830 3$aIl pellicano rosso.$pNuova serie ;$v147.$0(OLS)http://pul/title/103420 850 $aPUL 852 $aPUL$W1$xSL Religione 3$y85$m236 TILXA 1$j148213$qDDC 21$B146815$CPULBib$Z2$F146815 $H118851 $82 941 1 $a9 996 $6082$a236$9(OLS)http://pul/classification/229 996 $6245$aMorte e immortalità$9(OLS)http://pul/title/7267 996 $6260$aBrescia :$bMorcelliana$9(OLS)http://pul/publisher/47854 LEADER 01337nam a2200301 a 4500 001 000000148075 003 CaOOAMICUS 005 20151211110431.0 008 151211s2009 si a u000 u eng r 020 $a9789812308658* 032 $aLibriCat 040 $aPUL$bita 082 04$a294.3 100 1 $aKuah-Pearce, Khun Eng.$0(OLS)http://pul/name/94581 245 10$aState, society, and religious engineering :$btowards a reformist Buddhism in Singapore /$cKuah-Pearce Khun Eng. 250 $a2nd ed. 260 $aSingapore :$bInstitute of Southeast Asian Studies,$c2009. 300 $axiv, 337 p. :$bill., ; $c23 cm. 500 $aInclude riferimenti bibliografici e indice. 650 4$aBuddismo$xAspetti sociali e culturali$zAsia.$0(OLS)http://pul/subject/42788 850 $aPUL 852 $aPUL$W1$xSL Religione 3$y85$m294. 3 KUAKH 1$j170857$qDDC 21$B171907$CPULBib$Z2$F171907 $H126718 $81 941 1 $a9 996 $6020$a9789812308658*$9(OLS)http://pul/number/159262 996 $6082$a294.3$9(OLS)http://pul/classification/2576 996 $6245$aState, society, and religious engineering :$btowards a reformist Buddhism in Singapore$9(OLS)http://pul/title/186839 996 $6260$aSingapore :$bInstitute of Southeast Asian Studies$9(OLS)http://pul/publisher/84300